The Office Trivia - Statistics

General Stats
  • This quiz has been taken 58 times
    12 since last reset
  • The average score is 9 of 16
Answer Stats
Hint Answer % Correct
What is the name of Pam, Toby, and Oscar's club? The Finer Things Club
90%
What is the name of Andy's college a cappella group? Here Comes Treble
80%
What movie did Pete memorize as a child? Die Hard
70%
What is Ryan's son, Drake, allergic to? Strawberries
70%
What team ends up winning 1st place in trivia? The Einsteins
70%
What warehouse worker does Darryl have a crush on (and later date)? Val
70%
When Michael moved to Boulder, Colorado, who was hired to replace him as manager? Deangelo Vickers
60%
What is the name of Dwight's porcupine? Henrietta
60%
What celebrity is the office debating whether she is hot or not? Hilary Swank
60%
What celebrity does Michael think lives next door to him? Johnny Depp
60%
What username did Michael choose for his online dating service? Little Kid Lover
60%
Finish Kelly's line: Why did my temporary boss go on a ________ spree? Shooting
50%
Finish Dwight's security code: The tea in Nepal is very hot.... But the coffee in Peru is much hotter
40%
Who won the 'Hottest in the office' award in 'Michael's last dundies?' Danny Cordray
30%
What is the name of the show that Michael was on as a kid? Fundle Bundle
20%
What is Angela's middle name? Noelle
10%
No matching quizzes found
Score Distribution
Percent of People with Each Score
Percentile by Number Answered
Your Score History
You have not taken this quiz since the last reset